[Event "35th World Open"]
[Site "King of Prussia USA"]
[Date "2007.06.03"]
[Round "6"]
[White "Banawa,Joe"]
[Black "Spigel,D"]
[Result "1-0"]
[WhiteElo "2310"]
[BlackElo "2013"]

1.d4 Nf6 2.Bg5 e6 3.e3 c5 4.c3 b6 5.Nd2 Be7 6.Ngf3 Bb7 7.Bd3 h6 8.Bxf6 Bxf6
9.Qe2 Nc6 10.O-O d6 11.a3 O-O 12.b4 Rc8 13.Rfb1 Rc7 14.Ne4 Be7 15.Ng3 Nb8
16.c4 Nd7 17.Ra2 Qa8 18.Ne1 Nf6 19.f3 Re8 20.Nc2 Bf8 21.e4 e5 22.d5 g6 23.h4 Bc8
24.Ne1 Bd7 25.Bc2 a6 26.Bb3 a5 27.bxc5 bxc5 28.Rab2 Rb8 29.Qc2 Rcb7 30.Nd3 Be7
31.Ba4 Bd8 32.Ne2 Bxa4 33.Qxa4 Rxb2 34.Rxb2 Rxb2 35.Nxb2 Qb7 36.Qb5 Qxb5
37.cxb5 Nd7 38.Nc4 Bc7 39.Nc3 Kf8 40.Na4 Ke8 41.Kf1 Kd8 42.b6 Bb8 43.Nxa5 Kc8
44.Ke2 f5 45.Kd3 fxe4+ 46.fxe4 Nf6 47.Nb2 Nh5 48.Ke3 Nf4 49.g3 Nh5 50.Kf3 Nf6
51.Nbc4 h5 52.a4 Nd7 53.Ke3 Nf6 54.Nc6 Kb7 55.Nxb8 Kxb8 56.Nxd6  1-0

[Event "Doroshkevich Mem"]
[Site "Belorechensk RUS"]
[Date "2007.06.04"]
[Round "7"]
[White "Korobkov,P"]
[Black "Anoshkin,A"]
[Result "1-0"]
[WhiteElo "2425"]
[BlackElo "2363"]

1.d4 Nf6 2.Bg5 e6 3.e3 c5 4.c3 Qb6 5.Qb3 Nc6 6.Nd2 d5 7.Ngf3 Bd7 8.Be2 Rc8
9.O-O Na5 10.Qxb6 axb6 11.Ne5 Bc6 12.Rab1 cxd4 13.exd4 b5 14.b3 b4 15.c4 Nd7
16.cxd5 Bxd5 17.Bb5 Nc6 18.Nxd7 Kxd7 19.Nc4 f6 20.Bf4 Ke7 21.Nb6 Rd8 22.Bc7 Nxd4
23.Bxd8+ Kxd8 24.Nxd5 exd5 25.Bd3  1-0

[Event "FSGM June"]
[Site "Budapest HUN"]
[Date "2007.06.04"]
[Round "3"]
[White "Kosic,D"]
[Black "Varadi,V"]
[Result "0-1"]
[WhiteElo "2507"]
[BlackElo "2408"]

1.d4 Nf6 2.Bg5 e6 3.Nd2 h6 4.Bh4 c5 5.e3 b6 6.Ngf3 Bb7 7.c3 Be7 8.a4 d6 9.a5 Nbd7
10.Bg3 Nh5 11.Bb5 Nxg3 12.hxg3 O-O 13.axb6 axb6 14.Rxa8 Bxa8 15.Qa4 Nf6 16.O-O Qc7
17.Re1 Bb7 18.e4 Ra8 19.Qb3 d5 20.exd5 exd5 21.Ne5 Bd6 22.Ndf3 Ra5 23.Bf1 Bc8
24.Qd1 c4 25.Qb1 b5 26.Re3 Ne4 27.b3 Bf5 28.g4 Bh7 29.bxc4 bxc4 30.Nxc4 Nf6
31.Qb3 dxc4 32.Bxc4 Ra1+ 33.Ne1 Bf4 34.Re2 Bd2 35.Kf1  0-1

[Event "FSIMA June"]
[Site "Budapest HUN"]
[Date "2007.06.05"]
[Round "4"]
[White "Corke,A"]
[Black "Griffiths,R"]
[Result "1-0"]
[WhiteElo "2154"]
[BlackElo "2103"]

1.d4 Nf6 2.Bg5 e6 3.e4 h6 4.Bxf6 Qxf6 5.c3 d6 6.Bd3 g6 7.Ne2 Bg7 8.f4 Qe7
9.Nd2 b6 10.Nf3 Bb7 11.Qc2 Nd7 12.O-O O-O-O 13.a4 e5 14.a5 f5 15.axb6 axb6
16.Ra7 exf4 17.Qa4 Nb8 18.Nxf4 fxe4 19.Re1 Qe8 20.Bb5 Qf7 21.Rxb7 Kxb7 22.Ra1 Kc8
23.Qa8 Qxf4 24.Bc6 Rde8 25.Qxb8+  1-0

[Event "TCh-BIH"]
[Site "Vogosca BIH"]
[Date "2007.06.05"]
[Round "4"]
[White "Doric,D"]
[Black "Brkic,A"]
[Result "0-1"]
[WhiteElo "2482"]
[BlackElo "2567"]

1.d4 Nf6 2.Bg5 e6 3.Nd2 h6 4.Bh4 d6 5.e4 Nbd7 6.c3 Be7 7.Bd3 b6 8.Ne2 Bb7
9.O-O O-O 10.f4 e5 11.Bg3 Nh5 12.Qe1 Kh8 13.Rd1 Bf6 14.Nf3 Nxg3 15.Qxg3 Qe7
16.Rfe1 a6 17.Qh3 Rfd8 18.Qh5 Kh7 19.g4 g6 20.Qh3 exf4 21.Nxf4 Re8 22.g5 Bxg5
23.Nd5 Bxd5 24.exd5 Qf6 25.Qxd7 Qxf3  0-1

[Event "National Open"]
[Site "Las Vegas USA"]
[Date "2007.06.09"]
[Round "3"]
[White "Dishman,S"]
[Black "Anka,E"]
[Result "1-0"]
[WhiteElo "2321"]
[BlackElo "2440"]

1.d4 Nf6 2.Bg5 e6 3.Nd2 h6 4.Bh4 d5 5.e3 c5 6.Ngf3 Nc6 7.c3 g5 8.Bg3 Nh5
9.Bd3 Nxg3 10.hxg3 Bd7 11.Qe2 Qf6 12.e4 O-O-O 13.e5 Qg7 14.g4 h5 15.Rxh5 Rxh5
16.gxh5 g4 17.Nh2 g3 18.Nhf3 cxd4 19.cxd4 Qg4 20.fxg3 Qxg3+ 21.Qf2 Qg4 22.Qh4 Qxh4+
23.Nxh4 Bh6 24.Nhf3 Rg8 25.Kf2 Nxd4 26.Nxd4 Bxd2 27.Rh1 Bh6 28.Nf3 Kd8 29.Rh4 Ke7
30.Rb4 b5 31.Rb3 a6 32.a4 Rb8 33.axb5 axb5 34.Rb4 Rg8 35.g4 f6 36.Bh7 Ra8
37.Kg3 Ra4 38.Rxa4 bxa4 39.g5 fxg5 40.Kg4 Bb5 41.Nd4 Bd7 42.Bd3 Kf7 43.Nf3 Kg8
44.Nxg5 Bg7 45.Nf3 Bf8 46.Ng5 Kg7 47.Bg6 Be7 48.Bc2 Bc5 49.Bxa4 Bc8 50.b3 Kh6
51.Bb5 Kg7 52.h6+ Kxh6 53.Nf7+ Kg6 54.Nd6 Bxd6 55.exd6 Kf6 56.d7 Bxd7 57.Bxd7 Ke7
58.Bc8 Kd6 59.b4 d4 60.Bb7  1-0

[Event "7th ch-Euro Senior"]
[Site "Hockenheim GER"]
[Date "2007.06.10"]
[Round "9"]
[White "Brondum,E"]
[Black "Gousseinov,A"]
[Result "1/2-1/2"]
[WhiteElo "2164"]
[BlackElo "2049"]

1.d4 Nf6 2.Bg5 e6 3.e4 h6 4.Bxf6 Qxf6 5.Nc3 Bb4 6.Qd3 O-O 7.a3 Ba5 8.Nf3 c5
9.e5 Qg6 10.dxc5 Nc6 11.Qxg6 fxg6 12.h4 Bc7 13.Nb5 Bxe5 14.Nxe5 Nxe5 15.Be2 b6
16.cxb6 axb6  1/2-1/2

[Event "4th Alushta Summer"]
[Site "Alushta UKR"]
[Date "2007.06.17"]
[Round "3"]
[White "Kalmachevskikh,V"]
[Black "Khantuev,A"]
[Result "1/2-1/2"]
[WhiteElo "2333"]
[BlackElo "2333"]

1.d4 Nf6 2.Bg5 e6 3.Nd2 c5 4.e3 Nc6 5.c3 cxd4 6.exd4 b6 7.Ngf3 Bb7 8.Be2 Be7
9.Nc4 Qc7 10.a4 Nd5 11.Bxe7 Ncxe7 12.a5 Nf4 13.axb6 axb6 14.Rxa8+ Bxa8 15.Ne3 O-O
16.O-O f5 17.Ne1 Nxe2+ 18.Qxe2 f4 19.Ng4 f3 20.Nxf3 Bxf3 21.gxf3 Ng6 22.Qe4 Qd8
23.Ra1 Qg5 24.Qe3 Qh5 25.Qe4 Qh3 26.Ra8 Nh4 27.Rxf8+ Kxf8 28.Qf4+ Ke8 29.Ne3 g5
30.Qg3 Nxf3+ 31.Kh1 Qh5 32.Kg2 Nh4+ 33.Kf1 Qg6 34.Ke2 Ke7 35.Qe5 Kf7 36.Qd6 Ke8
37.Qb8+ Ke7 38.Qxb6 Qh5+ 39.Kd3 Ng6 40.Qb4+ Ke8 41.Qb8+ Ke7 42.Kc4 Qe2+ 43.Kc5 Qxf2
44.Nc4 Qf5+ 45.Kb4 Nf4 46.Qd6+ Ke8 47.Ne5 Nd3+ 48.Nxd3 Qxd3 49.Qe5 Qf5 50.c4 g4
51.Qg7 h5 52.c5 Kd8 53.Qh8+ Kc7 54.Qa8 Qd5 55.Qa5+ Kc8 56.Kc3 Qf3+ 57.Kc2 Qe2+
58.Kb3 Qxh2 59.Qa6+ Kd8 60.d5 exd5 61.Qf6+ Ke8 62.Qg6+ Ke7 63.Qg7+ Kd8 64.Qf6+ Ke8
65.Qg6+ Kd8 66.Qf6+ Kc8 67.Qa6+ Kd8 68.Qf6+ Ke8 69.Qg6+ Ke7 70.Qg7+ Ke6 71.Qg6+ Ke7  1/2-1/2

[Event "Open"]
[Site "Pula CRO"]
[Date "2007.06.28"]
[Round "7"]
[White "Kovacevic,Bl"]
[Black "Karner,C"]
[Result "1/2-1/2"]
[WhiteElo "2442"]
[BlackElo "2319"]

1.d4 Nf6 2.Bg5 e6 3.e3 b6 4.Nf3 Bb7 5.Bd3 c5 6.Nbd2 Be7 7.O-O O-O 8.c3 cxd4
9.exd4 Nd5 10.Bxe7 Qxe7 11.Re1 Nc6 12.Nc4 f5 13.Ne3 Nxe3 14.Rxe3 Qf6 15.Qa4 Rad8
16.Ne5 Qg5 17.Rg3 Qd2 18.Nc4 Qf4 19.Rd1 Kh8 20.Qa3 Ba8 21.Qd6 Qxd6 22.Nxd6 Ne7
23.c4 Nc8 24.Nb5 Bc6 25.Nc3 Nd6 26.Re3 f4 27.Re5 Kg8 28.f3 Ba8 29.c5 Nf7
30.Re2 Rb8 31.a3 bxc5 32.dxc5 Rfc8 33.Be4 Rxc5 34.Rxd7 Bxe4 35.Nxe4 Rc1+
36.Kf2 Ne5 37.Rd4 Nc4 38.Nd2 Nxb2 39.Rxe6 Rc3 40.g3 fxg3+ 41.hxg3 Rxa3 42.Re7 Rd3
43.Rxd3 Nxd3+ 44.Ke3 Nb4 45.Rxa7  1/2-1/2

[Event "Spring A"]
[Site "Volodarskij RUS"]
[Date "2007.07.03"]
[Round "10"]
[White "Shpagin,V"]
[Black "Korjakin,B"]
[Result "1-0"]
[WhiteElo "2123"]
[BlackElo "2274"]

1.d4 Nf6 2.Bg5 e6 3.e4 Be7 4.e5 Nd5 5.Bxe7 Qxe7 6.c4 Qb4+ 7.Nd2 Nf4 8.g3 Ng6
9.Qc2 c5 10.a3 Qa5 11.f4 cxd4 12.Nf3 Nc6 13.Bg2 Nge7 14.O-O Nf5 15.b4 Qc7
16.Qd3 d6 17.exd6 Qxd6 18.c5 Qd8 19.Nb3 O-O 20.b5 Nce7 21.Nfxd4 Nxd4 22.Qxd4 Qc7
23.Rfd1 Nd5 24.Bxd5 exd5 25.Re1 Bf5 26.Qe5 Qxe5 27.Rxe5 Bd7 28.Nd4 Rac8 29.Rxd5 Rfd8
30.c6 Bxc6 31.Rxd8+ Rxd8 32.bxc6 Rxd4 33.c7 Rc4 34.Rd1  1-0

[Event "FSIMA July"]
[Site "Budapest HUN"]
[Date "2007.07.07"]
[Round "1"]
[White "Vegh,E"]
[Black "Arjun,V"]
[Result "1/2-1/2"]
[WhiteElo "2313"]
[BlackElo "2325"]

1.d4 Nf6 2.Bg5 e6 3.e4 h6 4.Bxf6 Qxf6 5.c3 d5 6.Nd2 c5 7.dxc5 Bxc5 8.Ngf3 Nc6
9.exd5 exd5 10.Nb3 Qd6 11.Nxc5 Qxc5 12.Be2 O-O 13.O-O Bg4 14.Qd2 Rfe8 15.Rfe1 Re4  1/2-1/2

[Event "Canadian Open"]
[Site "Ottawa CAN"]
[Date "2007.07.07"]
[Round "1"]
[White "Gordon,D"]
[Black "Kunte,A"]
[Result "1-0"]
[WhiteElo "2239"]
[BlackElo "2519"]

1.d4 Nf6 2.Bg5 e6 3.Nd2 h6 4.Bxf6 Qxf6 5.c3 d5 6.Ngf3 c5 7.e4 cxd4 8.e5 Qd8
9.cxd4 Qb6 10.Qb3 Bb4 11.Qd3 Be7 12.Qb5+ Bd7 13.Qxb6 axb6 14.Bd3 Nc6 15.Ke2 g5
16.Nb3 g4 17.Ne1 f6 18.exf6 Bxf6 19.Nc2 Ke7 20.Rhe1 Kd6 21.a3 h5 22.Rad1 Ne7
23.Nc1 Nf5 24.Bxf5 exf5 25.f4 Rac8 26.Kd2 Rc4 27.b3 Rc7 28.Nd3 Rhc8 29.Rc1 Ra8
30.Ne5 Be6 31.a4 b5 32.Na3 Rxc1 33.Nxb5+ Ke7 34.Rxc1 Rc8 35.Rxc8 Bxc8 36.Kc3 Be6
37.Kb4 Kd8 38.Kc5 Bg8 39.Kb6 h4 40.Kxb7 Bxe5 41.dxe5 d4 42.Nxd4 Bd5+ 43.Kb8 Bxg2
44.Nxf5 g3 45.hxg3  1-0

[Event "FSGM July"]
[Site "Budapest HUN"]
[Date "2007.07.08"]
[Round "2"]
[White "Bui Vinh"]
[Black "Fogarasi,T"]
[Result "1/2-1/2"]
[WhiteElo "2466"]
[BlackElo "2425"]

1.d4 Nf6 2.Bg5 e6 3.Nd2 h6 4.Bh4 c5 5.dxc5 Bxc5 6.e4 Nc6 7.Ngf3 d6 8.c3 a6
9.Bd3 e5 10.a4 Be6 11.O-O g5 12.Bg3 Nh5 13.b4 Ba7 14.Bc4 Nxg3 15.hxg3 Qe7
16.Qe2 h5 17.Bxe6 fxe6 18.Nc4 Nd8 19.b5 Bc5 20.Nfd2 Nf7 21.Nb3 Rc8 22.Nxc5 Rxc5
23.bxa6 bxa6 24.Rab1 Qc7 25.Ne3 Qa7 26.Rb3 h4 27.Rfb1 Nd8 28.g4 h3 29.g3 h2+
30.Kh1 Rc6 31.f3 Qc7 32.Qd2 Qf7 33.Rf1 Qc7 34.Ng2 Qe7 35.Rfb1 Rh3 36.Qf2 Qc7
37.Qe3 Qe7 38.Rb8 Kf7 39.Ra8 Kg6 40.Rbb8 Nf7 41.Ra7 Rc7 42.Rg8+ Kh7 43.Rga8 Kg6
44.Qf2 Rb7 45.Ne1 Qc7 46.Rg8+ Kh7 47.Rga8 Kg6 48.Rg8+ Kh7 49.Rga8  1/2-1/2

[Event "Canadian Open"]
[Site "Ottawa CAN"]
[Date "2007.07.09"]
[Round "4"]
[White "Tu Hoang Thong"]
[Black "Sandipan,C"]
[Result "1/2-1/2"]
[WhiteElo "2483"]
[BlackElo "2563"]

1.d4 Nf6 2.Bg5 e6 3.Nf3 h6 4.Bh4 d5 5.e3 c5 6.c3 Be7 7.Nbd2 b6 8.Ne5 Nfd7
9.Bxe7 Qxe7 10.Bd3 Nxe5 11.dxe5 Nd7 12.f4 Bb7 13.Qe2 Qh4+ 14.g3 Qe7 15.e4 c4
16.Bc2 Nc5 17.O-O-O b5 18.exd5 Bxd5 19.Ne4 Nxe4 20.Bxe4 Bxe4 21.Qxe4 Rc8
22.Rd6 O-O 23.Rhd1 a5 24.R1d4 b4 25.Rxc4 bxc3 26.Rxc3 Qa7 27.Qd4 Qb7 28.Kc2 Qg2+
29.Qd2 Qe4+ 30.Kc1 Qh1+ 31.Kc2 Qe4+ 32.Kc1 Qh1+ 33.Kc2  1/2-1/2

[Event "6th Open"]
[Site "La Fere FRA"]
[Date "2007.07.10"]
[Round "5"]
[White "Hutin,E"]
[Black "Ly,An"]
[Result "1-0"]
[WhiteElo "1910"]
[BlackElo "2119"]

1.d4 Nf6 2.Bg5 e6 3.Nd2 Be7 4.e4 h6 5.Bh4 d6 6.Bd3 Nc6 7.c3 e5 8.d5 Nb8 9.Ne2 Nxd5
10.exd5 Bxh4 11.O-O O-O 12.f4 Nd7 13.Bc2 exf4 14.Nxf4 Ne5 15.Nc4 Bg4 16.Qd4 g6
17.Nxg6 Nxg6 18.Qxg4 Qg5 19.Qxg5 Bxg5 20.Rae1 Rfe8 21.g3 b5 22.Na5 Ne5 23.Kg2 Ng4
24.Kh3 Ne3 25.Rf2 Nxd5 26.Rxe8+ Rxe8 27.Bb3 Nf6 28.Nc6 d5 29.Nxa7 c5 30.Nxb5 Re5
31.Nd6 Re6 32.Nf5 c4 33.Bd1 Ne4 34.Rc2 Nd2 35.Kg2 Re5 36.h4 Ne4 37.hxg5 Rxf5
38.gxh6 Rg5 39.g4 f5 40.Bf3 Nf6 41.Kg3 fxg4 42.Kf4 Rg6 43.Rg2 Kh7 44.Bxg4 Kxh6
45.Bf3 Nh5+  1-0

[Event "FSGM July"]
[Site "Budapest HUN"]
[Date "2007.07.12"]
[Round "6"]
[White "Bui Vinh"]
[Black "Kjartansson,G"]
[Result "1/2-1/2"]
[WhiteElo "2466"]
[BlackElo "2306"]

1.d4 Nf6 2.Bg5 e6 3.Nd2 h6 4.Bh4 c5 5.e3 b6 6.Ngf3 Be7 7.Bd3 Bb7 8.O-O Nh5
9.Bg3 Nxg3 10.hxg3 d6 11.c3 Nd7 12.a4 O-O 13.Qe2 Qc7 14.e4 Bf6 15.Qe3 Rfd8
16.g4 e5 17.d5 g5 18.Qe2 Be7 19.Ba6 Bxa6 20.Qxa6 Nf6 21.Nh2 Qd7 22.f3 Ne8
23.Rf2 Rdb8 24.Nhf1 Qb7 25.Qe2 a6 26.b3 b5 27.a5 b4 28.c4 f6 29.Ne3 Bf8 30.g3 Qh7
31.Rh2 Ra7 32.Rh3 Qg6 33.Nf5 Rh7 34.Qh2 Rbb7 35.Kf2 Rh8 36.Nf1 Rbh7 37.Rh5 Ng7
38.Nxg7 Qxg7 39.Ne3 Qd7 40.Nf5 Qc7 41.Ke3 Qd8 42.Kd3 Qd7 43.Qb2 Kf7 44.Ke3 Ke8
45.f4 Kd8 46.fxe5 fxe5 47.Rf1 Ke8 48.Kd3 Rf7 49.Qa1 Kd8 50.Ne3 Rhh7 51.Rf5 Qc7
52.Rh2 Ke8 53.Rhf2 Rxf5 54.exf5 e4+ 55.Kxe4 Re7+ 56.Kd3 Re5 57.f6 Qh7+ 58.Rf5 Rxf5
59.Nxf5 Qd7 60.Qh1 Qf7 61.Qh5 Qxh5 62.gxh5 Kf7 63.Ke4 Kxf6 64.Ne3 Bg7 65.Ng4+ Ke7
66.Kf5 Kf7 67.Nf2 Bf6 68.Ne4 Be7 69.Nf2 Bf6 70.Ke4 Bg7 71.Ng4 Bf8 72.Ne3 Kf6
73.Nf1 Be7 74.Nh2 Bf8 75.Ng4+ Kg7 76.Kf3  1/2-1/2

[Event "Kaupthing Open"]
[Site "Differdange LUX"]
[Date "2007.07.13"]
[Round "8"]
[White "Sulava,N"]
[Black "Stefansson,H"]
[Result "0-1"]
[WhiteElo "2544"]
[BlackElo "2568"]

1.d4 Nf6 2.Bg5 e6 3.e4 h6 4.Bxf6 Qxf6 5.c3 d6 6.Bd3 Qg6 7.Nf3 e5 8.Nbd2 Qxg2
9.Rg1 Qh3 10.dxe5 dxe5 11.Nxe5 Bd6 12.Nef3 O-O 13.Qe2 Nc6 14.O-O-O Bf4 15.e5 Bf5
16.Kc2 Nxe5 17.Nxe5 Bxe5 18.Nf3 Bf6 19.Qe3 Rad8 20.Rg3 Qh5 21.Nd4 Bxd3+ 22.Rxd3 Rfe8
23.Qf4 Be5  0-1

[Event "Open"]
[Site "Ghent BEL"]
[Date "2007.07.15"]
[Round "3"]
[White "Stone,A ENG"]
[Black "De Jong,JW"]
[Result "0-1"]
[WhiteElo "2219"]
[BlackElo "2430"]

1.d4 Nf6 2.Bg5 e6 3.e4 h6 4.Bxf6 Qxf6 5.c3 d6 6.Bd3 g6 7.Ne2 Bg7 8.O-O O-O
9.f4 Nd7 10.f5 exf5 11.exf5 g5 12.Ng3 Qd8 13.Nh5 Nf6 14.Nd2 d5 15.Nxf6+ Qxf6
16.Qf3 c6 17.Rfe1 Bd7 18.Nf1 Qd6 19.Ng3 f6 20.Nh5 Bh8 21.Qg3 Qxg3 22.hxg3 Rfe8
23.Kf2 Bg7 24.Nxg7 Kxg7 25.g4 Rxe1 26.Rxe1 Kf7 27.c4 dxc4 28.Bxc4+ Kf8 29.Rh1 Kg7
30.Re1 Re8 31.Rxe8 Bxe8 32.Ke3 Kf8 33.b4 Ke7 34.a3 Kd6 35.Be2 Bf7 36.Bf3 Bc4
37.Bd1 b6 38.Kd2 c5 39.bxc5+ bxc5 40.dxc5+ Kxc5 41.Kc3 Bb5 42.g3 Bc4 43.Bf3 Bf1
44.Bd1 Ba6 45.Bf3 Bb5 46.Bd1 a5 47.Bf3 Ba4 48.Kd3 Bb3 49.Kc3 Bc4 50.Bd1 Ba6
51.Bf3 Bb5 52.Bd1 Kd5 53.Bf3+ Ke5 54.Kd2 Kd4 55.Bg2 Bd3 56.Bf3 Bb5 57.Bg2 Ba4
58.Bf1 Bc6 59.Be2 Bd5 60.Bd1 Ke4 61.Be2 Bc6  0-1

[Event "Heart of Finland"]
[Site "Jyvaskyla FIN"]
[Date "2007.07.16"]
[Round "1"]
[White "Raivio,E"]
[Black "Agopov,M"]
[Result "0-1"]
[WhiteElo "1878"]
[BlackElo "2436"]

1.d4 Nf6 2.Bg5 e6 3.e4 h6 4.Bxf6 Qxf6 5.Nf3 b6 6.Bd3 Bb7 7.e5 Qd8 8.Nbd2 d6
9.Qe2 Nd7 10.Ba6 Bxa6 11.Qxa6 d5 12.c3 Be7 13.O-O O-O 14.a4 c5 15.Qd3 Qc7
16.Rac1 Rfc8 17.Qb1 Qc6 18.Qa1 b5 19.a5 Qb7 20.Qa3 b4 21.Qa4 c4 22.a6 Qc6
23.Ra1 Rab8 24.Rfc1 b3 25.Qxc6 Rxc6 26.Ra4 Rbb6 27.Rca1 Nb8 28.Nb1 Rxa6 29.Rxa6 Rxa6
30.Rxa6 Nxa6 31.Kf1 Nc7 32.Ke2 Nb5 33.Kd1 a5 34.Nfd2 a4 35.Kc1 Kh7 36.Kd1 h5
37.h3 Kg6 38.Ke2 Kf5 39.Kd1 f6 40.exf6 gxf6 41.Ke2 e5 42.dxe5 fxe5 43.Kd1 a3
44.bxa3 Nxa3 45.Nxa3 Bxa3 46.Nb1 Bb2 47.Kd2 d4 48.h4 Kf4  0-1

[Event "Najdorf Mem GpA"]
[Site "Grodzisk Mazowiecki POL"]
[Date "2007.07.20"]
[Round "1"]
[White "Nguyen,P"]
[Black "Vovk,Y"]
[Result "0-1"]
[WhiteElo "2283"]
[BlackElo "2557"]

1.d4 Nf6 2.Bg5 e6 3.e4 c5 4.e5 h6 5.Bc1 Nd5 6.c4 Nb6 7.dxc5 Bxc5 8.Qg4 g6
9.Nf3 Nc6 10.Nc3 d6 11.Bd3 Nxe5 12.Nxe5 dxe5 13.Qg3 Qc7 14.Nb5 Qb8 15.O-O a6
16.Nc3 g5 17.Rb1 Bd7 18.b4 Be7 19.Bb2 f6 20.Qh3 h5 21.Bg6+ Kf8 22.c5 Nc4
23.Qd3 Bb5 24.Nxb5 axb5 25.Qd7 Qc8 26.Qxb5 Nd2 27.a4 Kg7 28.Bc2 Nxf1 29.Qxf1 Qc6
30.Qd3 Rad8 31.Qc4 b6 32.h4 g4 33.Be4 Qxa4 34.Qxe6 Qd7 35.Qxd7 Rxd7 36.cxb6 Bxb4
37.Bxe5 fxe5 38.Rxb4 Rd1+ 39.Kh2 Rd4 40.Rxd4 exd4 41.f3 gxf3 42.gxf3 Kf6
43.f4 Rg8 44.b7 Ke6 45.Bh7 Rd8 46.Be4 Kd6 47.Kg2 Kc7 48.Kf2 d3 49.Bf3 d2
50.Bxh5 d1=Q 51.Bxd1 Rxd1 52.Kf3 Kxb7 53.Kg4 Kc7 54.h5 Kd7 55.Kf5 Ke7 56.Kg6 Rg1+
57.Kh7 Kf7 58.h6 Rg6  0-1

[Event "Czech Open GMA"]
[Site "Pardubice CZE"]
[Date "2007.07.20"]
[Round "1"]
[White "Sabol,M"]
[Black "Vovk,A"]
[Result "1/2-1/2"]
[WhiteElo "2285"]
[BlackElo "2504"]

1.d4 Nf6 2.Bg5 e6 3.e4 d6 4.Nf3 h6 5.Bxf6 Qxf6 6.Nc3 c6 7.e5 Qd8 8.Bd3 b6
9.Qe2 d5 10.Nd1 a5 11.O-O Ba6 12.Ne3 Bxd3 13.Qxd3 Qd7 14.c4 Be7 15.cxd5 cxd5
16.Nd2 Nc6 17.a3 a4 18.f4 g6 19.g4 O-O-O 20.f5 Bg5 21.fxg6 fxg6 22.Nf3 Bxe3+
23.Qxe3 g5 24.b3 Na5 25.bxa4 Rdf8 26.Nd2 Qe7 27.Qc3+ Kb7 28.Nb3 Rxf1+ 29.Rxf1 Ra8
30.Rb1 Nxb3 31.Qxb3 Qc7 32.Qb4 Ka7 33.h3 Rb8 34.Rf1 Qc6 35.Qb5 Qc3 36.Rf7+ Rb7
37.Rxb7+ Kxb7 38.Qd7+ Ka6 39.Qb5+ Kb7 40.Qd7+ Qc7 41.Qxe6 Qc1+ 42.Kg2 Qb2+
43.Kh1 Qb1+ 44.Kh2 Qc2+ 45.Kh1 Qe4+ 46.Kh2 Qxd4 47.Qd7+  1/2-1/2

[Event "2nd Crete Summer Cup"]
[Site "Agios Nikolaos GRE"]
[Date "2007.07.24"]
[Round "4"]
[White "Festas,G"]
[Black "Pountzas,H"]
[Result "1/2-1/2"]
[WhiteElo "2166"]
[BlackElo "2238"]

1.d4 Nf6 2.Bg5 e6 3.e4 h6 4.Bxf6 Qxf6 5.c3 d6 6.Bd3 e5 7.Ne2 Nc6 8.O-O g5
9.Na3 h5 10.Bb5 Bd7 11.d5 Ne7 12.Bxd7+ Kxd7 13.Qa4+ Kd8 14.c4 h4 15.f3 Ng6
16.h3 Nf4 17.Qd1 Qg6 18.Nc3 Nh5 19.Nc2 Ng3 20.Re1 Be7 21.Ne3 Rf8 22.Ne2 Nh5
23.Nf5 Ng7 24.Nxg7 Qxg7 25.Qd3 Qh7 26.Nc3 f5 27.exf5 Qxf5 28.Ne4 Rf7 29.b4 a5
30.a3 b6 31.Rac1 Bf8 32.Qe3 Be7 33.c5 bxc5 34.bxc5 Qf4 35.Qd3 dxc5 36.d6 cxd6
37.Nxd6 Bxd6 38.Qxd6+ Rd7 39.Qb6+ Ke8 40.Qg6+ Kf8 41.Qh6+ Kg8 42.Qe6+ Rf7
43.Rc4 Qd2 44.Qxe5 Rf5 45.Qe6+ Kg7 46.Rec1 Raf8 47.Qe4 Qd6 48.Qe3 Rc8 49.Qc3+ Kh6
50.a4 Rd5 51.Qe1 Rd8 52.Re4 Rd1 53.Rxd1 Qxd1 54.Re6+ Kh5 55.Qxd1 Rxd1+ 56.Kf2 Rd4
57.Re5 Rxa4 58.Rxc5 Ra2+ 59.Kg1 Kg6 60.Rc6+ Kf5 61.Rc5+ Kf6 62.Rc6+ Kf5 63.Rc5+ Kg6
64.Rc6+ Kf7 65.Rc7+ Kg6 66.Rc6+ Kh5 67.Rc8 Ra4 68.Kf2 Ra2+ 69.Kg1 Kg6 70.Rc6+ Kf5
71.Rc5+ Kf4 72.Rc4+ Ke5 73.Rc5+ Kf6 74.Rc6+ Kf5 75.Rc5+ Kf4 76.Rc4+  1/2-1/2

[Event "Najdorf Mem GpA"]
[Site "Grodzisk Mazowiecki POL"]
[Date "2007.07.25"]
[Round "6"]
[White "Gasanov,E"]
[Black "Macieja,B"]
[Result "1/2-1/2"]
[WhiteElo "2498"]
[BlackElo "2596"]

1.d4 Nf6 2.Bg5 e6 3.e4 h6 4.Bxf6 Qxf6 5.Nc3 d6 6.Qd2 g5 7.Bc4 Nc6 8.Nge2 g4
9.Nb5 Qe7 10.c3 Rg8 11.Nf4 a6  1/2-1/2

[Event "Sun Pawn A"]
[Site "Ilichevsk UKR"]
[Date "2007.07.25"]
[Round "6"]
[White "Rakhmangulov,A"]
[Black "Zernyshkin,V"]
[Result "1/2-1/2"]
[WhiteElo "2304"]
[BlackElo "2159"]

1.d4 Nf6 2.Bg5 e6 3.e3 d5 4.Nf3 h6 5.Bh4 Be7 6.Bd3 c6 7.O-O Nbd7 8.Nbd2 b6
9.c4 Bb7 10.cxd5 Nxd5 11.Bg3 O-O 12.e4 N5f6 13.Qe2 c5 14.Rac1 Nh5  1/2-1/2

[Event "Arximiro Penide Cedeira Mem"]
[Site "Arteixo ESP"]
[Date "2007.07.26"]
[Round "1"]
[White "Rusev,K"]
[Black "Vazquez del Valle,R"]
[Result "1-0"]
[WhiteElo "2443"]
[BlackElo "1893"]

1.d4 Nf6 2.Bg5 e6 3.e4 Be7 4.Nd2 d5 5.e5 Nfd7 6.Bxe7 Qxe7 7.Bd3 c5 8.c3 Nc6
9.Ne2 f6 10.exf6 Nxf6 11.O-O O-O 12.dxc5 Qxc5 13.Ng3 e5 14.c4 Nb4 15.Be2 Be6
16.a3 Nc6 17.Rc1 Nd4 18.cxd5 Nxe2+ 19.Qxe2 Qxd5 20.Nc4 e4 21.Rfd1 Qb5 22.Nxe4 Bxc4
23.Nxf6+ Rxf6 24.Qxc4+ Qxc4 25.Rxc4 Raf8 26.f3 Rb6 27.Rd7 Rxb2 28.Rcc7 Re8
29.Rxg7+ Kh8 30.Rxh7+ Kg8 31.Rcg7+ Kf8 32.Rh8+ Kxg7 33.Rxe8 a6 34.h4 b5 35.Ra8 Kg6
36.Kh2 Kh5 37.Kh3 Rb1 38.g4+  1-0

[Event "MTO"]
[Site "Biel SUI"]
[Date "2007.07.28"]
[Round "6"]
[White "Doric,D"]
[Black "Swathi,G"]
[Result "0-1"]
[WhiteElo "2488"]
[BlackElo "2317"]

1.d4 Nf6 2.Bg5 e6 3.Nd2 h6 4.Bh4 d5 5.e3 c5 6.c3 Nc6 7.Ngf3 Be7 8.Bd3 Qb6
9.Rb1 Qc7 10.Bg3 Bd6 11.dxc5 Bxg3 12.hxg3 a5 13.e4 O-O 14.exd5 exd5 15.O-O Ne7
16.b4 axb4 17.cxb4 Rxa2 18.Qb3 Ra8 19.Rfe1 Nf5 20.Rbc1 h5 21.Bxf5 Bxf5 22.Nd4 Bg4
23.Nb1 Rfe8 24.Nc3 Re5 25.f4 Rxe1+ 26.Rxe1 Qd7 27.b5 h4 28.b6 hxg3 29.Ncb5 Ne4
30.Nc7 Qd8 31.Nf3 Bxf3 32.Qxf3 Ra2 33.Qg4 Qf8 34.Kf1 Rf2+ 35.Kg1 Ra2 36.Kf1 Rf2+
37.Kg1 Rb2 38.Kf1 Qxc5 39.Qc8+ Qf8 40.Qxf8+ Kxf8 41.Nxd5 f5 42.Ne3 g6 43.Rc1 Rxb6
44.Rc2 Ke8 45.Ke2 Kd7 46.Nc4 Rb1 47.Ne5+ Kd6 48.Nxg6 b5 49.Nh4 Ke6 50.Rc6+ Kd5
51.Rg6 Rb2+ 52.Ke3 Rb3+ 53.Ke2 Nd6 54.Rf6 b4 55.Rf8 Ke4 56.Rf6 Rb2+ 57.Ke1 Nc4
58.Nxf5 Rxg2 59.Kf1 Rc2 60.Kg1 b3 61.Nxg3+ Kf3  0-1

[Event "Sun Pawn B"]
[Site "Ilichevsk UKR"]
[Date "2007.07.29"]
[Round "9"]
[White "Kachur,A"]
[Black "Romcovici,V"]
[Result "1-0"]
[WhiteElo "2284"]
[BlackElo "2232"]

1.d4 Nf6 2.Bg5 e6 3.e4 h6 4.Bxf6 Qxf6 5.c3 d6 6.Bd3 g6 7.Ne2 Bg7 8.O-O O-O
9.f4 b6 10.Nd2 Bb7 11.e5 Qe7 12.Ne4 Nd7 13.Qe1 d5 14.Nd2 c5 15.g4 cxd4 16.cxd4 Qb4
17.Rb1 Qa5 18.f5 exf5 19.gxf5 Bxe5 20.b4 Qxa2 21.dxe5 Nxe5 22.Nc1 Nxd3 23.Nxa2 Nxe1
24.Rbxe1 Rfe8 25.fxg6 fxg6 26.Nc3 Kg7 27.Nb3 Rxe1 28.Rxe1 Kf6 29.Nd4 Rc8
30.Re6+ Kg5 31.Nce2 h5 32.Nf3+ Kh6 33.Nf4 Rc1+ 34.Kf2 Rc6 35.Re7 Rf6 36.Ke3 g5
37.Nxh5 Kxh5 38.Rxb7 Rf4 39.b5 Ra4 40.Rd7 Kg4 41.Rxd5 Ra3+ 42.Ke2 Ra2+ 43.Rd2 Rxd2+
44.Nxd2 Kh3 45.Nf3 g4 46.Ne5 Kxh2 47.Nxg4+ Kg3 48.Ne5 Kf4 49.Nc6 Ke4 50.Nxa7 Kd4
51.Kf3  1-0

[Event "Open Women Bulgarian Ch"]
[Site "Vratsa BUL"]
[Date "2007.07.30"]
[Round "7"]
[White "Raeva,E"]
[Black "Genova,Ly"]
[Result "1/2-1/2"]
[WhiteElo "2215"]
[BlackElo "2221"]

1.d4 Nf6 2.Bg5 e6 3.e4 h6 4.Bxf6 Qxf6 5.c3 d6 6.Bd3 e5 7.Ne2 g6 8.O-O Bg7
9.f4 Qe7 10.f5 O-O 11.fxg6 fxg6 12.Rxf8+ Bxf8 13.Qb3+ Kg7 14.Nd2 Nd7 15.Rf1 Nf6
16.Bc4 c6 17.d5 c5 18.Qc2 Bd7 19.Ng3 h5 20.Nf3 h4 21.Nh1 b5 22.Be2 Nh5 23.Bd1 Nf4
24.g3 Nh3+ 25.Kg2 hxg3 26.hxg3 Kg8 27.Nf2 Nxf2 28.Qxf2 Bh6 29.Rh1 Kg7 30.Qg1 Rh8
31.Rh4 Bg5 32.Rxh8 Kxh8 33.Nh2 Bc1 34.Bh5 Bxb2 35.Bxg6 Qg5 36.Bf5 Bxf5 37.exf5 Qxf5
38.Qe3 Kg7 39.Qd2 Ba3 40.Nf3 c4 41.Nh4 Qg4 42.Qc2 Bc5 43.a4 a6 44.axb5 axb5
45.Qb1 Qe2+ 46.Kh3 Qd3 47.Qc1 Qxd5 48.Qg5+ Kf7 49.Qf5+ Ke7 50.Ng6+ Kd8 51.Qf8+ Kc7
52.Qe7+ Kb6 53.Qd8+ Ka6 54.Ne7 Qb7 55.Nc8 Qh7+ 56.Kg2 Qe4+ 57.Kh3 Qc6 58.Ne7 Qh1+
59.Kg4 b4 60.cxb4 Qe4+ 61.Kh3 Bxb4 62.Qc8+ Kb5 63.Qd7+ Kb6 64.Qd8+ Ka6 65.Qc8+ Kb6
66.Qb8+ Kc5 67.Qa7+ Kb5 68.Qd7+ Ka6 69.Qc8+  1/2-1/2

[Event "Ave-Kontakt Cup IMC"]
[Site "Olomouc CZE"]
[Date "2007.08.02"]
[Round "2"]
[White "Kireev,Al"]
[Black "Plat,V"]
[Result "1-0"]
[WhiteElo "2380"]
[BlackElo "2279"]

1.d4 Nf6 2.Bg5 e6 3.Nd2 d5 4.e3 c5 5.c3 Be7 6.Bd3 Nbd7 7.f4 b6 8.Ngf3 Bb7
9.O-O Ne4 10.Bxe7 Qxe7 11.Ne5 Nxe5 12.fxe5 Nxd2 13.Bb5+ Kd8 14.Qxd2 Kc7 15.Qf2 Raf8
16.Qg3 Rhg8 17.Bd3 g6 18.Rf2 Bc6 19.Raf1 cxd4 20.exd4 b5 21.a3 a5 22.Qf4 Rg7
23.Qh6 Rfg8 24.Bc2 Be8 25.a4 b4 26.Rc1 Bc6 27.Bd3 Kb6 28.cxb4 Qxb4 29.Rxc6+ Kxc6
30.Qc1+ Kb7 31.Bb5 Rc8 32.Ba6+ Kxa6 33.Qxc8+ Ka7 34.Qh8 Qe1+ 35.Rf1 Qe3+
36.Kh1 Qh6 37.h3 g5 38.Rf6  1-0

[Event "IGM"]
[Site "Stara Pazova SRB"]
[Date "2007.08.02"]
[Round "11"]
[White "Matovic,P"]
[Black "Kovacevic,A"]
[Result "1/2-1/2"]
[WhiteElo "2203"]
[BlackElo "2566"]

1.d4 Nf6 2.Bg5 e6 3.e4 c5 4.d5 h6 5.Bxf6 Qxf6 6.Nc3 d6 7.Nf3 e5 8.Be2 Qd8
9.O-O Be7 10.Nd2 O-O 11.Bg4 Nd7 12.Nc4 g6 13.Qd3 b6 14.a4 Ba6 15.Nb5 Nf6
16.Be2 Qd7 17.f4 exf4 18.Rxf4 Qd8 19.Raf1 Bxb5 20.axb5 Nd7 21.Bg4 Ne5 22.Nxe5 dxe5
23.R4f3 Kg7 24.Ra1 Bd6 25.c4 Qe7 26.Qe2 Rab8 27.Raf1 Rb7 28.Qf2 Rd8 29.Qg3 Rh8
30.h4 h5 31.Bh3 Rf8 32.Qf2 Rh8 33.Qg3 Rf8 34.Be6 Qd8 35.Bf5 Rh8 36.Bh3 Rc7
37.Rf5 Qe7 38.Rg5 Rh6 39.Rgf5 Rh8 40.R5f3 Rf8 41.Qf2 Rh8 42.Rf6 Rb7 43.Rf3 Rc7
44.Qg3  1/2-1/2